| Tag |
First Indicator |
Second Indicator |
Subfields |
| LEADER |
00000cam a22000008a 4500 |
| 001 |
in00000016500 |
| 005 |
20151007052804.0 |
| 008 |
870826s1988 paua b 00100 eng d |
| 010 |
|
|
|a 87019240
|
| 020 |
|
|
|a 0812280784
|
| 020 |
|
|
|a 0812212541 (pbk.)
|
| 035 |
|
|
|a (OCoLC)16682241
|
| 035 |
|
|
|9 AAA9190AM
|
| 040 |
|
|
|a DNLM/DLC
|c DLC
|d TXA
|d UtOrBLW
|
| 049 |
|
|
|a TXAM
|c [A11069153]
|
| 050 |
0 |
0 |
|a NX652.N87
|b I43 1988
|
| 060 |
|
0 |
|a WY 11.1 I31
|
| 082 |
0 |
|
|a 700
|2 19
|
| 245 |
0 |
0 |
|a Images of nurses :
|b perspectives from history, art, and literature /
|c edited by Anne Hudson Jones.
|
| 263 |
|
|
|a 8802
|
| 264 |
|
1 |
|a Philadelphia :
|b University of Pennsylvania Press,
|c [1988]
|
| 264 |
|
4 |
|c ©1988
|
| 300 |
|
|
|a xxii, 253 pages :
|b illustrations
|
| 336 |
|
|
|a text
|b txt
|2 rdacontent
|
| 337 |
|
|
|a unmediated
|b n
|2 rdamedia
|
| 338 |
|
|
|a volume
|b nc
|2 rdacarrier
|
| 500 |
|
|
|a "A Diebel memorial volume"--p. v.
|
| 504 |
|
|
|a Includes bibliographies and index.
|
| 650 |
|
0 |
|a Nurses in art.
|
| 650 |
|
0 |
|a Nursing
|x Social aspects.
|
| 700 |
1 |
|
|a Jones, Anne Hudson.
|
| 999 |
|
|
|a MARS
|
| 999 |
f |
f |
|s fa099abd-8828-36a9-a131-2856980bb9a6
|i e6ab8d09-de5e-37cd-80f2-755bbacaf717
|t 0
|
| 952 |
f |
f |
|p ric
|a Texas A&M University
|b Rellis Campus
|c Joint Library Facility
|d Remote Storage
|t 0
|e NX652.N87 I43 1988
|h Library of Congress classification
|i unmediated -- volume
|m A14811069153
|
| 998 |
f |
f |
|a NX652.N87 I43 1988
|t 0
|l Remote Storage
|